Statistics for Bordering Countries by Flag #33

Click here to take the quiz!

General Stats

  • This quiz has been taken 91 times
    (40 since last reset)
  • The average score is 9 of 10

Answer Stats

Country% Correct
Argentina
97%
Colombia
97%
Suriname
97%
Bolivia
95%
Guyana
95%
Paraguay
95%
Uruguay
95%
Venezuela
95%
France
92%
Peru
89%

Score Distribution

Percentile by Number Answered

Percent of People with Each Score

Your Score History

You have not taken this quiz since the last reset